A aritmética na base-dois (Record no. 44703)
[ view plain ]
| 000 -Etiqueta do registo | |
|---|---|
| Valores | 00664cam a2200229 04500 |
| 100 ## - Dados gerais de processamento | |
| Dados gerais | 19780301d1977 m y0pory50030103ba |
| 101 1# - Língua de publicação | |
| Língua | por |
| 102 ## - País de publicação | |
| País | PT |
| 200 1# - Titulo e menção de responsabilidade | |
| Título próprio | A aritmética na base-dois |
| Primeira menção de responsabilidade | Kellie Gardner |
| Outras menções de responsabilidade | trad. Ana Clara Soares |
| -- | il. de Carlo Wieland, Mireille Wieland |
| 210 #9 - Publicação | |
| Local de publicação | Paçco de Arcos |
| Nome do editor | Eixo, |
| Data de publicação | 1977 |
| 215 ## - Descrição física | |
| Paginação / Volumes | 30, [2] p. |
| Outras indicações físicas | il. |
| Dimensões | 24 cm |
| 225 2# - Colecção | |
| Título próprio da colecção | Já percebi |
| Indicação de volume | 7 |
| 317 ## - Nota de proveniência | |
| Texto da nota | Biblioteca Matilde Rosa Araújo |
| 675 ## - CDU | |
| Notação | 51 |
| 700 #1 - Autor principal | |
| Apelido | Gardner, |
| Nome | Kellie |
| 702 #1 - Autor secundário | |
| Apelido | Soares, |
| Nome | Ana Clara |
| Função | 730 |
| 702 #1 - Autor secundário | |
| Apelido | Wieland, |
| Nome | Carlo |
| Função | 440 |
| 702 #1 - Autor secundário | |
| Apelido | Wieland, |
| Nome | Mireille |
| Função | 440 |
| 801 #0 - Fonte de origem | |
| País | PT |
| Agência | BN |
| Regras de catalogação | RPC |
| 990 ## - Elementos KOHA | |
| Tipo de documento | Livro |
| Aquisição | Empréstimo | Código de barras | Cota | Permissão de empréstimo | Tipo de documento |
|---|---|---|---|---|---|
| Biblioteca Municipal de Redondo | Biblioteca Municipal de Redondo | A054581 | 51 GAR | Livro |